Gaming Quiz

Random Gaming or Nintendo Quiz

NES Games That Start With 'L' Quiz Stats

 Plays Quiz not verified by Sporcle

Challenge
Share
Tweet
Embed
Score 0/18 Timer 06:00
0 Plays Today
Description Game % Correct
The game that started it all for Link, Ganon, the Triforce, and HyruleThe Legend of Zelda
92.4%
In this adaptation of a radio series, you'll be saying 'Hi-Ho Silver' as you play the title character and rescue the President from Butch Cavendish and his gangThe Lone Ranger
67.9%
You're not getting too old to play as either Riggs or Murtaugh in this side-scrolling movie adaptation that coincided with the release of the third movie in this action seriesLethal Weapon
64.1%
Adaptation of an Arnold Schwarzengger action movie that features a movie-within-a-movie, Hamlet, and magical movie ticketsLast Action Hero
59.5%
In this animated movie adaptation, you go through Slumberland to to rescue its king from NightmareLittle Nemo: The Dream Master
51.1%
Classic scrolling space shooter originally called Salamander, you control Vic Viper in this Gradius spin-offLife Force
40.5%
Also called Uridium, this game was repackaged for the NES as a movie adaptation about a kid who is abducted by aliens after mastering a video gameThe Last Starfighter
31.3%
This game is a mix of billiards and mini golf, possibly while on the moonLunar Pool
31.3%
One of the NES's first third-party games, this puzzle game involves collecting gold in ladder filled roomsLode Runner
29%
Description Game % Correct
Famously bad unlicensed fairy tale adaptation involving a scarlet caped girl kicking rocksLittle Red Hood
28.2%
Puzzle game in which you must guide the title characters through obstacle courses and surviveLemmings
21.4%
Play as a samuai who must rescue a princess throughout the seasons by traversing forests and secret passagesThe Legend of Kage
19.8%
Known in Japan as Dragon Slayer IV, this game is one of the earliest 'Metroidvania' games madeLegacy of the Wizard
16.8%
Hit the links as Super Mex, Pretty Amy, Miracle Chosuke, or Big Jumbo in this game that involves no fisticuffs, despite its titleLee Trevino's Fighting Golf
16%
One of the first baseball games to feature real players, this game had 30 icons from the game's history to play with, including Babe Ruth and Bob GibsonLegends of the Diamond
15.3%
Take your freeze ray and spear and jump three times the screen's height to save your robot planet from aliensLow G Man: The Low Gravity Man
11.5%
Historically accurate turn-based strategy game in which you must play as Napoleon Bonaparte in four eras of his rise to powerL'Empereur
10.7%
One of Konami's 'Laser Scope' games, has a gun shooting, helicopter, and maze modeLaser Invasion
7.6%

You're not logged in!

Compare scores with friends on all Sporcle quizzes.
OR
Log In

You Might Also Like...

Show Comments

Extras

Top Quizzes Today


Score Distribution

Your Account Isn't Verified!

In order to create a playlist on Sporcle, you need to verify the email address you used during registration. Go to your Sporcle Settings to finish the process.

Report this User

Report this user for behavior that violates our Community Guidelines.

Details: